000 00735nam a22002297a 4500
005 20251108173404.0
008 250721s9999 xx 000 0 ara d
020 _a9773613089
082 1 4 _aط/551.48/جمل
100 1 _aالجمل، عبد الباسط
245 1 0 _aالتجارب العلمية المبسطة : الماء /
264 1 _aالقاهرة :
_bشركة سفير،
300 _a24ص
490 0 _aالتجارب العلمية المبسطة
650 1 7 _aالمياه
650 1 7 _aالتجارب
650 1 7 _aالغلاف المائي
653 _aاطفال مرحله متوسطه (6-9)سنوات
700 1 _aعبيد، عبد المرضي
_eرسام
942 _2ddc
_cBK
999 _c102719
_d102719